Trio, op. 24 pro housle, violoncello a klavír : (1940) /

Hlavní autor: Hába, Karel, 1898-1972
Jazyk: Nelze použít, není lingvistický obsah
Vydáno: Praha : Hudební matice Umělecké besedy, 1946
Fyzický popis: 1 partitura (29 s.) + 2 hlasy (3, 3 s.)
Hudebniny Hudebniny
Uloženo v:
LEADER 00845ncm a22002172a 4500
001 001303221
003 CZ BrMZK
005 20140212125540.0
007 qu
008 130618s1946 xr |||||||||||||||||zxx d
040 |a BOA001  |b cze 
072 7 |a 786  |x Hudba pro klávesové nástroje  |2 Konspekt  |9 9 
100 1 |a Hába, Karel,  |d 1898-1972  |7 jk01032901  |4 cmp 
245 1 0 |a Trio, op. 24  |h [hudebnina] :  |b pro housle, violoncello a klavír : (1940) /  |c Karel Hába 
260 |a Praha :  |b Hudební matice Umělecké besedy,  |c 1946 
300 |a 1 partitura (29 s.) + 2 hlasy (3, 3 s.) 
910 |a BOA001  |b Mus4-0190.234 
990 |a MU 
991 |b 201306 
996 7 |b 2619563766  |c Mus4-0190.234  |l MZK  |r Sklad / do 1 hodiny  |n 0  |w 001337989  |u 000010  |a 1  |e BOA001  |j MZK50  |s A 
996 6 |b 2619563767  |c Mus4-0190.234  |l MZK  |r Sklad / do 1 hodiny  |n 0  |w 001337989  |u 000020  |a 1  |e BOA001  |j MZK50  |s P